| 000 | 00407nam a22001217a 4500 | ||
|---|---|---|---|
| 082 | _a200 THE | ||
| 100 |
_aNazish Yousaf _970335 |
||
| 245 | _aTH-SOF-1459-Automated Model-based UI Test Case Generation from Interaction Flow Modeling Language (IFML) Models | ||
| 260 |
_aIslamabad _bNUST College of EME _c2017 |
||
| 650 |
_a MS-CSE-15 MSTHESIS _969366 |
||
| 700 | _aSupervisor Dr. Farooque Azam | ||
| 942 | _cCF | ||
| 999 |
_c577326 _d577326 |
||